Planning a pluralist city : (Record no. 542450)

000 -LEADER
fixed length control field 00700cam a2200181 i 4500
020 ## - INTERNATIONAL STANDARD BOOK NUMBER
International Standard Book Number 0262010445 :
082 00 - DEWEY DECIMAL CLASSIFICATION NUMBER
Classification number 307.12
Author Mark APP
-- L-14,P129
100 1# - MAIN ENTRY--PERSONAL NAME
Personal name Appleyard, Donald.
9 (RLIN) 37630
245 10 - TITLE STATEMENT
Title Planning a pluralist city :
Remainder of title conflicting realities in Ciudad Guayana /
Statement of responsibility, etc. Donald Appleyard.
260 ## - PUBLICATION, DISTRIBUTION, ETC.
Place of publication, distribution, etc. Cambridge, Mass. :
Name of publisher, distributor, etc. MIT Press,
Date of publication, distribution, etc. c1976.
300 ## - PHYSICAL DESCRIPTION
Extent 312 p. :
Other physical details ill. ;
Dimensions 26 cm.
490 1# - SERIES STATEMENT
Series statement A Publication of the Joint Center for Urban Studies of the Massachusetts Institute of Technology and Harvard University
500 ## - GENERAL NOTE
General note Includes index.
526 ## - STUDY PROGRAM INFORMATION NOTE
Program name 0
Interest level 0
Reading level 0
Title point value 307_120000000000000_APP
650 #0 - SUBJECT ADDED ENTRY--TOPICAL TERM
Topical term or geographic name entry element City planning
Geographic subdivision Venezuela
-- Ciudad Guayana.
9 (RLIN) 37631
650 #0 - SUBJECT ADDED ENTRY--TOPICAL TERM
Topical term or geographic name entry element MCE
9 (RLIN) 379
942 ## - ADDED ENTRY ELEMENTS (KOHA)
Source of classification or shelving scheme
Koha item type Book
Holdings
Withdrawn status Lost status Source of classification or shelving scheme Damaged status Not for loan Permanent Location Current Location Date acquired Total Checkouts Full call number Barcode Date last seen Price effective from Koha item type
          Military College of Engineering (MCE) Military College of Engineering (MCE) 12/20/2013   307.12 APP MCE-9588 12/20/2013 12/20/2013 Book
© 2023 Central Library, National University of Sciences and Technology. All Rights Reserved.